Interpretace kalambúru v reklamním diskursu
Definícia kalambúru a tradičná klasifikácia. Funkcia Kalambúru v texte.
Uložené v:
| Hlavný autor: | |
|---|---|
| Ďalší autori: | |
| Médium: | Kapitola |
| Jazyk: | Czech |
| Predmet: | |
| Tagy: |
Žiadne tagy, Buďte prvý, kto otaguje tento záznam!
|
MARC
| LEADER | 00000naa a2200000 4500 | ||
|---|---|---|---|
| 001 | 0246955 | ||
| 005 | 20220714120627.1 | ||
| 041 | 0 | |a cze | |
| 044 | |a CZ | ||
| 245 | 1 | 0 | |a Interpretace kalambúru v reklamním diskursu |c Věra Sládková, Andrey Artemov |
| 520 | |a Definícia kalambúru a tradičná klasifikácia. Funkcia Kalambúru v texte. | ||
| 610 | 2 | 0 | |a jazyky cudzie |
| 610 | 2 | 0 | |a reklama |
| 610 | 2 | 0 | |a jazykoveda |
| 610 | 2 | 0 | |a lexikológia |
| 100 | 1 | |a Sládková, Věra | |
| 700 | 1 | |a Artemov, Andrey | |